000 00673nam a2200217 a 4500
001 BRL_1804
005 20190320211356.0
008 040815s1982----mx-ao#####---#000-0#spa-#
041 _aspa
044 _amx
050 4 _aN6559.C8
_b.C84 1982
100 1 _aCuevas, Joseì Luis
_d1934-
_927912
245 1 0 _aMarzo, mes de José Luis Cuevas
_bpresencia del artista en México y en el extranjero.
260 _aMéxico
_bMiguel Ángel Porrúa
_c1982
300 _a[57] p.
_bil.
_c28 cm.
500 _aej.1 Au1348, ej.2 Au1836, ej.3 Au1951
500 _aIncluye curriculum vitae p. [49]-[56]
600 1 4 _aCuevas, José Luis
_d1934-
_9344
902 _aGRL
942 _2lcc
_cB
999 _c10612
_d10612